000 01240nam0a2200265 i 4500
001 RU\NLR\bibl\282043
005 20241221121518.0
035 _a(NLR Aleph) 000277515
090 _a1623554
_c1623554
100 _a20020626d1996 |||y0rusy50 ca
101 0 _arus
102 _aRU
105 _aa dm |||||
200 1 _aЛечение детей с врожденными и приобретенными дефектами большого пальца кисти с использованием микрохирургической аутотрансплантации пальцев стопы
_bAвтореф. дис. на соиск. учен. степ. к.м.н.
_eСпец. 14.00.22
_fГоляна Сергей Иванович
_g[Рос. науч.-иссл. ин-т травматологии и ортопедии им. Р.Р. Вредена]
210 _aСПб.
_d1996
215 _a17, [1]
_d20
_eил.
320 _aБиблиогр.: с. 18 ( 11 назв.)
686 _a10.02.19
_2oksvnk
700 1 _aГоляна
_bС. И.
_gСергей Иванович
801 0 _aRU
_bNLR
_c20020628
_gPSBO
801 1 _aRU
_bNLR
_c20020628
852 _aNLR
_j98-4/15353
942 _cBOOK